00318nam a2200133 a 4500008004100000020001500041050001600056100002300072245001500095246001600110260003000126300001900156350000900175120416s1969 ||||||||||||||||| || u a0491013426 aHF 5635 Gra aGrant, Arthur J. C10aAccounting amade simple aLondonbW. H. Allenc1969 ax, 275p. : ill a0.00